<?xml version="1.0" encoding="UTF-8"?>
<record
    xmlns:xsi="http://www.w3.org/2001/XMLSchema-instance"
    xsi:schemaLocation="http://www.loc.gov/MARC21/slim http://www.loc.gov/standards/marcxml/schema/MARC21slim.xsd"
    xmlns="http://www.loc.gov/MARC21/slim">

  <leader>01945nam a2200277 a 4500</leader>
  <controlfield tag="001">BRCA_2393</controlfield>
  <controlfield tag="005">20190320203804.0</controlfield>
  <controlfield tag="008">111108s1616----be-#---###---#000-0#spa-u</controlfield>
  <datafield tag="041" ind1=" " ind2=" ">
    <subfield code="a">spa</subfield>
  </datafield>
  <datafield tag="044" ind1=" " ind2=" ">
    <subfield code="a">sp</subfield>
  </datafield>
  <datafield tag="084" ind1=" " ind2=" ">
    <subfield code="a">034</subfield>
    <subfield code="b">.H87</subfield>
    <subfield code="c">1616</subfield>
  </datafield>
  <datafield tag="100" ind1="1" ind2=" ">
    <subfield code="a">Cervantes Saavedra, Miguel de</subfield>
    <subfield code="d">1547-1616</subfield>
    <subfield code="9">213</subfield>
  </datafield>
  <datafield tag="245" ind1="1" ind2="0">
    <subfield code="a">Segunda parte del Ingenioso Cavallero Don Quixote de la Mancha</subfield>
    <subfield code="b">dirigida a Don Pedro Fern&#xE1;ndez de Castro, Conde de Lemos, de Andrade, y de Villalua, Marqu&#xE9;s de Saria, Gentilhombre de la C&#xE1;mara de su Majestad Comendador de la Encomienda de Pe&#xF1;afiel y la Zarza, de la Orden de Alcatara, Virrey, Gobernador, y Capit&#xE1;n General del Reyno de N&#xE1;poles, y Presidente del Supremo Consejo de Italia</subfield>
    <subfield code="c">por Miguel de Cervantes Saavedra, autor de su primera parte.</subfield>
  </datafield>
  <datafield tag="260" ind1=" " ind2=" ">
    <subfield code="a">Bruselas</subfield>
    <subfield code="b">Humberto Antonio</subfield>
    <subfield code="c">1616</subfield>
  </datafield>
  <datafield tag="300" ind1=" " ind2=" ">
    <subfield code="a">1 v. (en varias paginaciones)</subfield>
    <subfield code="c">18 cm.</subfield>
  </datafield>
  <datafield tag="500" ind1=" " ind2=" ">
    <subfield code="a">Contenido : Dedicatoria del autor al Conde de Lemos. Pr&#xF3;logo del autor. Aprovaci&#xF3;n del Dr. Gutierre de Cetina. Aprovaci&#xF3;n de M. Joseph Valdivieso. Privilegio. Texto</subfield>
  </datafield>
  <datafield tag="500" ind1=" " ind2=" ">
    <subfield code="a">Segunda edici&#xF3;n bruselense de la segunda parte. Suma del Privilegio otorgado por los Pr&#xED;ncipes, Alberto e Isabel Eugenia, Duques de Brabante, fecha 4 de febrero de 1616. Los desprop&#xF3;sitos, las erratas, y el no figurar en sus p&#xE1;ginas una sola variante digna de ser admitida en una edici&#xF3;n cl&#xE1;sica, la pone muy por debajo de la edici&#xF3;n de la primera parte del mismo editor. Lindo ejemplar, encuadernado en fina piel roja, con corte y filetes dorados L&#xFA;dovik Osterc</subfield>
  </datafield>
  <datafield tag="500" ind1=" " ind2=" ">
    <subfield code="a">Con ex-libris de : C. H. S. John Hornby</subfield>
  </datafield>
  <datafield tag="650" ind1="1" ind2="4">
    <subfield code="a">Novela espa&#xF1;ola</subfield>
    <subfield code="y">&#xC9;poca cl&#xE1;sica, 1500-1700</subfield>
    <subfield code="9">215</subfield>
  </datafield>
  <datafield tag="650" ind1="1" ind2="4">
    <subfield code="a">Literatura espa&#xF1;ola</subfield>
    <subfield code="y">&#xC9;poca cl&#xE1;sica, 1500-1700</subfield>
    <subfield code="9">216</subfield>
  </datafield>
  <datafield tag="650" ind1="1" ind2="4">
    <subfield code="a">Novela espa&#xF1;ola</subfield>
    <subfield code="y">Siglo XVII</subfield>
    <subfield code="9">217</subfield>
  </datafield>
  <datafield tag="650" ind1="1" ind2="4">
    <subfield code="a">Don Quijote (Personaje ficticio)</subfield>
    <subfield code="e">Novela</subfield>
    <subfield code="9">218</subfield>
  </datafield>
  <datafield tag="740" ind1="0" ind2=" ">
    <subfield code="a">El Ingenioso Hidalgo Don Quijote de la Mancha</subfield>
  </datafield>
  <datafield tag="902" ind1=" " ind2=" ">
    <subfield code="a">QFM</subfield>
  </datafield>
  <datafield tag="942" ind1=" " ind2=" ">
    <subfield code="2">lcc</subfield>
    <subfield code="c">B</subfield>
  </datafield>
  <datafield tag="999" ind1=" " ind2=" ">
    <subfield code="c">2134</subfield>
    <subfield code="d">2134</subfield>
  </datafield>
  <datafield tag="952" ind1=" " ind2=" ">
    <subfield code="0">0</subfield>
    <subfield code="1">0</subfield>
    <subfield code="4">0</subfield>
    <subfield code="7">0</subfield>
    <subfield code="a">BRCA</subfield>
    <subfield code="b">BRCA</subfield>
    <subfield code="d">2008-11-11</subfield>
    <subfield code="l">0</subfield>
    <subfield code="o">034 .H87 1616</subfield>
    <subfield code="p">2390</subfield>
    <subfield code="r">2019-03-22 00:00:00</subfield>
    <subfield code="w">2019-03-22</subfield>
    <subfield code="y">B</subfield>
  </datafield>
</record>
